00389nam a2200121 a 450000100100000000500170001000800410002704000250006808200150009324500770010826000600018530000220024500003133220200930062845.0110620s1928 dr 000 0 spa d aDO-SdBNPbspacBNPHU axxxxbP445 3aEl período presidencial de 6 años del general Don Horacio Vásquez. aSnato Domingo :bImprenta de J. R. Vda García,c1928. a[108 p.] ;c29 p.